| 000 | 01095 a2200265 4500 | ||
|---|---|---|---|
| 003 | Nust | ||
| 005 | 20221215142654.0 | ||
| 010 | _a 89011340 | ||
| 020 | _a0836800087 (lib. bdg.) | ||
| 040 | _cNust | ||
| 082 | 0 | 0 | _a304.2,MON |
| 100 | 1 |
_aMoney, D. C. _9104993 |
|
| 245 | 1 | 0 |
_aOur changing landscape / _cD.C. Money. |
| 250 | _aNorth American ed. | ||
| 260 |
_aMilwaukee : _bG. Stevens Children's Books, _c1990. |
||
| 300 |
_a64 p. : _bcol. ill., col. maps ; _c27 cm. |
||
| 490 | 1 | _aGareth Steven information library | |
| 505 | _aThe Changing Earth (Page-4), The Environment (Page-10), Farming (Page-16), Settlements (Page-24), Commerce and Industry (Page-32), Transpiration (Page-40), Landscape Under Pressure (Page-48), Knowing What is Happing (Page-54). | ||
| 650 | 0 |
_aLandscape changes _xJuvenile literature. _9104991 |
|
| 650 | 0 |
_aLandscape changes. _925595 |
|
| 650 | 0 |
_aNature _xEffect of human beings on _xJuvenile literature. _9104992 |
|
| 650 | 0 |
_aNature _xEffect of human beings on. _92630 |
|
| 830 | 0 |
_aGareth Stevens information library _9100120 |
|
| 942 |
_2ddc _cBK _k304.2,MON |
||
| 999 |
_c184774 _d184774 |
||